Nuclear spectroscopy of astrophysical sources : (Record no. 8269)
[ view plain ]
| 000 -LEADER | |
|---|---|
| fixed length control field | 01305cam a2200397 a 4500 |
| 001 - CONTROL NUMBER | |
| control field | 8269 |
| 003 - CONTROL NUMBER IDENTIFIER | |
| rucl marc code | BD-RjUL |
| 005 - DATE AND TIME OF LATEST TRANSACTION | |
| control field | 20211208234544.0 |
| 008 - FIXED-LENGTH DATA ELEMENTS--GENERAL INFORMATION | |
| fixed length control field | 180114s1988 nyua b 100 0 eng |
| 020 ## - INTERNATIONAL STANDARD BOOK NUMBER | |
| International Standard Book Number | 0883183706 |
| 035 ## - SYSTEM CONTROL NUMBER | |
| System control number | (OCoLC)18610359 |
| System control number | (OCoLC)ocm18610359 |
| System control number | (CStRLIN)NYCG89-B89371 |
| System control number | (BD-RjUL) |
| System control number | (NNC)803220 |
| 040 ## - CATALOGING SOURCE | |
| Original cataloging agency | BD-RjUL |
| Language of cataloging | eng |
| Transcribing agency | BD-RjUL |
| 041 ## - LANGUAGE CODE | |
| Language code of text/sound track or separate title | eng |
| 082 0# - DEWEY DECIMAL CLASSIFICATION NUMBER | |
| Classification number | 522.6862 |
| Edition number | 20 |
| Author mark and year | NUC 1988 |
| 090 ## - LOCALLY ASSIGNED LC-TYPE CALL NUMBER (OCLC); LOCAL CALL NUMBER (OCLC) | |
| Classification number (OCLC) (R) ; Classification number, CALL (RLIN) (NR) | QB471.A1 |
| Local cutter number (OCLC) ; Book number/undivided call number, CALL (RLIN) | N83 1988 |
| 245 00 - TITLE STATEMENT | |
| Title | Nuclear spectroscopy of astrophysical sources : |
| Remainder of title | Washington, D.C., 1987 / |
| Statement of responsibility, etc. | editors, Neil Gehrels, Gerald H. Share. |
| 260 ## - PUBLICATION, DISTRIBUTION, ETC. (IMPRINT) | |
| Place of publication, distribution, etc. | New York : |
| Name of publisher, distributor, etc. | American Institute of Physics, |
| Date of publication, distribution, etc. | 1988. |
| 300 ## - PHYSICAL DESCRIPTION | |
| Pagination | 517 p. : |
| Illustrations | ill. ; |
| Size | 25 cm. |
| 490 1# - SERIES STATEMENT | |
| Series statement | AIP conference proceedings ; |
| Volume/sequential designation | no. 170 |
| 504 ## - BIBLIOGRAPHY, ETC. NOTE | |
| Bibliography, etc | Includes bibliographies. |
| 650 #0 - SUBJECT ADDED ENTRY--TOPICAL TERM | |
| Topical term or geographic name as entry element | Gamma ray astronomy |
| Form subdivision | Congresses. |
| 9 (RLIN) | 25787 |
| Topical term or geographic name as entry element | Gamma ray sources |
| General subdivision | Observations |
| Form subdivision | Congresses. |
| 9 (RLIN) | 25788 |
| Topical term or geographic name as entry element | Nuclear spectroscopy |
| Form subdivision | Congresses. |
| 9 (RLIN) | 25789 |
| Topical term or geographic name as entry element | Nucleosynthesis |
| Form subdivision | Congresses. |
| 9 (RLIN) | 25790 |
| 700 1# - ADDED ENTRY--PERSONAL NAME | |
| Personal name | Gehrels, Neil. |
| Personal name | Share, Gerald H. |
| 830 #0 - SERIES ADDED ENTRY--UNIFORM TITLE | |
| Volume number/sequential designation | no. 170. |
| 830 #0 - SERIES ADDED ENTRY--UNIFORM TITLE | |
| Uniform title | AIP conference proceedings ; |
| 942 ## - ADDED ENTRY ELEMENTS (KOHA) | |
| Source of classification or shelving scheme | Dewey Decimal Classification |
| Koha item type | Books |
| Lost status | Source of classification or shelving scheme | Damaged status | Not for loan | Collection code | Permanent Location | Current Location | Shelving location | Date acquired | Source of acquisition | Total Checkouts | Full call number | Date last seen | Copy number | Koha item type | Cost, normal purchase price |
|---|---|---|---|---|---|---|---|---|---|---|---|---|---|---|---|
| Dewey Decimal Classification | Not For Loan | Non-fiction | Central Library, University of Rajshahi | Central Library, University of Rajshahi | 17/09/1995 | Zeitlinger | 522.6862 NUC 1988 | 18/01/2014 | C-1 | Books | |||||
| Dewey Decimal Classification | Non-fiction | Central Library, University of Rajshahi | Central Library, University of Rajshahi | 09/07/1995 | Gift | 522.6862 NUC 1988 | 18/01/2014 | C-2 | Books | ||||||
| Dewey Decimal Classification | Non-fiction | Central Library, University of Rajshahi | Central Library, University of Rajshahi | 05/03/1979 | India int. cal. | 522.6862 NUC 1988 | 22/01/2014 | C-3 | Books | 192.00 |